000 00712nam a2200229Ia 4500
003 OSt
005 20220926012041.0
006 a|||||r|||| 00| 0
007 ta
008 220923b |||||||| |||| 00| 0 eng d
037 _cGeneral Book
040 _aRTL
_cRTL
_beng
041 _2eng
_aeng
082 _aXxM57, G4
100 _aVeblen Jhorstein
_9315448
245 0 _aEssays in our changing order. Ed. by Leon Ardzroon
260 _aNew York
_bAugustus M Kelley
_c1934
300 _axvii,476p
_ccm.
490 _aReprints of Economic Classics. By and about Veblen Series, Writings of Thorstein Veblen
942 _hXxM57, G4
_cGB
_2CC
999 _c621605
_d621605